000 00391cam a2200157 4500
001 D12329
008 090401t xxu||||| |||| 00| 0 eng d
035 _a(Sirsi) u2668
041 _aeng
110 _aCambridge University Estate Management Club
_9254
245 _aCourse of Summer Lectures 30 June - 2 July 1955
350 _a0
520 _aShelf 152
942 _n0
948 _c04/03/1997
999 _c85798
_d85798